Proces kontroly vo vybranom podniku bakalárska práca

Gespeichert in:
Bibliographische Detailangaben
1. Verfasser: Mihalčín, Samuel, 1999-
Körperschaft: Fakulta podnikového manažmentu EU. Katedra manažmentu
Weitere Verfasser: Dědečková, Nina, 1994-
Format: Buch
Sprache:Slowakisch
Veröffentlicht: Bratislava 2022
Tags: Tag hinzufügen
Keine Tags, Fügen Sie das erste Tag hinzu!

MARC

LEADER 00000nbm a2200000 4500
001 0285678
005 20230221142554.9
041 0 |a slo 
044 |a SK 
245 1 0 |a Proces kontroly vo vybranom podniku  |b bakalárska práca  |c Samuel Mihalčín ; školiteľ: Nina Dědečková 
264 1 |a Bratislava  |c 2022 
300 |a 66 s. 
100 1 |a Mihalčín, Samuel, 1999- 
700 1 |a Dědečková, Nina, 1994- 
710 2 |a Fakulta podnikového manažmentu EU. Katedra manažmentu